Flaggen mit Seitenverhältnis 1:2 - Statistiken

Allgemein
  • Dieses Quiz wurde 14 mal gespielt
  • Das Durchschnittsergebnis liegt bei 40 aus 49
Antwortstatistiken
Bildquiz Antwort % Korrekt
Bosnien und Herzegowina
100%
Kanada
100%
Kroatien
100%
Lettland
100%
Äthiopien
92%
Australien
92%
Belarus
92%
Fidschi
92%
Honduras
92%
Irland
92%
Kasachstan
92%
Kuba
92%
Mongolei
92%
Neuseeland
92%
Nigeria
92%
Nordkorea
92%
Nordmazedonien
92%
Slowenien
92%
Ungarn
92%
Aserbaidschan
83%
Jamaika
83%
Jordanien
83%
Kiribati
83%
Malaysia
83%
Moldau
83%
Montenegro
83%
Philippinen
83%
Seychellen
83%
Sri Lanka
83%
Tonga
83%
Usbekistan
83%
Vereinigte Arabische Emirate
83%
Armenien
75%
Bahamas
75%
Brunei
75%
Dominica
75%
Kuwait
75%
Nauru
75%
Simbabwe
75%
Sudan
75%
Tadschikistan
75%
Tuvalu
75%
Libyen
67%
St. Lucia
67%
Südsudan
67%
Eritrea
58%
Salomonen
58%
Samoa
58%
Guinea-Bissau
50%
Keine übereinstimmenden Quizze gefunden
Verteilung der Resultate
Anzahl Personen mit jedem Resultat
Perzentil nach korrekt beantworteten Fragen
Ihre Resultats-Entwicklung
Sie haben dieses Quiz noch nicht gespielt